[Event "DVM U10 2020"]
[Site "Magdeburg GER"]
[Date "2021.08.07"]
[Round "3"]
[White "Braun, Julian"]
[Black "Merenda, Lukas-Benedikt"]
[Result "1-0"]
[Termination "normal"]
[Board "1.2"]
[WhiteElo "1436"]
[BlackElo "1222"]
[WhiteClock "00:02:58"]
[BlackClock "00:01:25"]
[WhiteTeam "Hamburger SK von 1830 eV"]
[BlackTeam "Schachfreunde München e.V."]
[PlyCount "161"]
[WhiteFideId "16289293"]
[BlackFideId "34603336"]
[EventCountry "GER"]
[EventRounds "7"]
[EventType "team-swiss"]
[EventDate "2021.08.06"]

1. e4 {[%clk 00:55:08]} {[%emt 00:00:02]} e5 {[%clk 00:55:05]} {[%emt
00:00:05]} 2. Nf3 {[%clk 00:55:11]} {[%emt 00:00:03]} Nc6 {[%clk 00:55:05]}
{[%emt 00:00:05]} 3. Bc4 {[%clk 00:55:12]} {[%emt 00:00:03]} Nf6 {[%clk
00:55:03]} {[%emt 00:00:07]} 4. d4 {[%clk 00:55:14]} {[%emt 00:00:03]} exd4
{[%clk 00:54:42]} {[%emt 00:00:26]} 5. e5 {[%clk 00:55:17]} {[%emt 00:00:02]}
d5 {[%clk 00:54:18]} {[%emt 00:00:30]} 6. Bb5 {[%clk 00:55:14]} {[%emt
00:00:07]} Ne4 {[%clk 00:54:16]} {[%emt 00:00:07]} 7. Nxd4 {[%clk 00:55:14]}
{[%emt 00:00:06]} Bc5 {[%clk 00:52:54]} {[%emt 00:01:26]} 8. Be3 {[%clk
00:55:09]} {[%emt 00:00:10]} O-O {[%clk 00:50:19]} {[%emt 00:02:40]} 9. Nxc6
{[%clk 00:53:08]} {[%emt 00:02:05]} bxc6 {[%clk 00:49:48]} {[%emt 00:00:37]}
10. Bxc5 {[%clk 00:53:05]} {[%emt 00:00:08]} Nxc5 {[%clk 00:48:56]} {[%emt
00:00:57]} 11. Bxc6 {[%clk 00:52:36]} {[%emt 00:00:33]} Bb7 {[%clk 00:48:21]}
{[%emt 00:00:41]} 12. Bxb7 {[%clk 00:51:53]} {[%emt 00:00:48]} Nxb7 {[%clk
00:48:00]} {[%emt 00:00:24]} 13. O-O {[%clk 00:51:13]} {[%emt 00:00:47]} c6
{[%clk 00:46:44]} {[%emt 00:01:21]} 14. Nd2 {[%clk 00:49:53]} {[%emt 00:01:25]}
Qc7 {[%clk 00:44:00]} {[%emt 00:02:49]} 15. Nf3 {[%clk 00:48:55]} {[%emt
00:01:04]} Rad8 {[%clk 00:41:27]} {[%emt 00:02:38]} 16. Re1 {[%clk 00:45:39]}
{[%emt 00:03:20]} Rfe8 {[%clk 00:40:46]} {[%emt 00:00:45]} 17. c3 {[%clk
00:40:24]} {[%emt 00:05:21]} Nc5 {[%clk 00:39:10]} {[%emt 00:01:41]} 18. Qc2
{[%clk 00:38:38]} {[%emt 00:01:50]} h6 {[%clk 00:37:05]} {[%emt 00:02:10]} 19.
Rad1 {[%clk 00:36:46]} {[%emt 00:01:58]} Ne6 {[%clk 00:33:47]} {[%emt
00:03:21]} 20. Nd4 {[%clk 00:34:47]} {[%emt 00:02:06]} Nc5 {[%clk 00:23:24]}
{[%emt 00:10:26]} 21. f4 {[%clk 00:24:52]} {[%emt 00:10:02]} Ne4 {[%clk
00:22:20]} {[%emt 00:01:09]} 22. h3 {[%clk 00:18:41]} {[%emt 00:06:16]} f6
{[%clk 00:19:01]} {[%emt 00:03:24]} 23. e6 {[%clk 00:16:18]} {[%emt 00:02:29]}
c5 {[%clk 00:18:05]} {[%emt 00:01:00]} 24. e7 {[%clk 00:13:35]} {[%emt
00:02:48]} Rxe7 {[%clk 00:16:06]} {[%emt 00:02:03]} 25. Nf5 {[%clk 00:12:34]}
{[%emt 00:01:08]} Ree8 {[%clk 00:12:54]} {[%emt 00:03:17]} 26. Ne3 {[%clk
00:10:49]} {[%emt 00:01:49]} Qf7 {[%clk 00:09:13]} {[%emt 00:03:45]} 27. Qb3
{[%clk 00:09:05]} {[%emt 00:01:50]} d4 {[%clk 00:08:06]} {[%emt 00:01:12]} 28.
Qxf7+ {[%clk 00:08:55]} {[%emt 00:00:14]} Kxf7 {[%clk 00:08:06]} {[%emt
00:00:07]} 29. cxd4 {[%clk 00:08:48]} {[%emt 00:00:12]} cxd4 {[%clk 00:07:49]}
{[%emt 00:00:22]} 30. Nc4 {[%clk 00:08:16]} {[%emt 00:00:37]} d3 {[%clk
00:06:59]} {[%emt 00:00:54]} 31. Nd2 {[%clk 00:07:19]} {[%emt 00:01:02]} Ng3
{[%clk 00:05:58]} {[%emt 00:01:05]} 32. Rxe8 {[%clk 00:06:47]} {[%emt
00:00:38]} Rxe8 {[%clk 00:05:54]} {[%emt 00:00:09]} 33. Nf1 {[%clk 00:06:16]}
{[%emt 00:00:36]} Ne2+ {[%clk 00:05:54]} {[%emt 00:00:06]} 34. Kf2 {[%clk
00:06:02]} {[%emt 00:00:17]} Nxf4 {[%clk 00:05:56]} {[%emt 00:00:04]} 35. Ng3
{[%clk 00:05:13]} {[%emt 00:00:54]} h5 {[%clk 00:05:17]} {[%emt 00:00:43]} 36.
h4 {[%clk 00:05:09]} {[%emt 00:00:09]} g5 {[%clk 00:05:18]} {[%emt 00:00:05]}
37. hxg5 {[%clk 00:04:55]} {[%emt 00:00:19]} fxg5 {[%clk 00:05:16]} {[%emt
00:00:08]} 38. Nf5 {[%clk 00:04:34]} {[%emt 00:00:25]} Re2+ {[%clk 00:04:51]}
{[%emt 00:00:30]} 39. Kf3 {[%clk 00:04:37]} {[%emt 00:00:02]} Rxb2 {[%clk
00:04:18]} {[%emt 00:00:39]} 40. g3 {[%clk 00:04:37]} {[%emt 00:00:05]} Ng6
{[%clk 00:04:12]} {[%emt 00:00:10]} 41. Nd6+ {[%clk 00:04:31]} {[%emt
00:00:11]} Ke6 {[%clk 00:04:10]} {[%emt 00:00:07]} 42. Nc4 {[%clk 00:04:32]}
{[%emt 00:00:04]} Rxa2 {[%clk 00:03:48]} {[%emt 00:00:26]} 43. Rxd3 {[%clk
00:04:35]} {[%emt 00:00:03]} Rc2 {[%clk 00:03:42]} {[%emt 00:00:11]} 44. Rd6+
{[%clk 00:04:29]} {[%emt 00:00:11]} Kf7 {[%clk 00:03:34]} {[%emt 00:00:13]} 45.
Ne3 {[%clk 00:04:27]} {[%emt 00:00:07]} g4+ {[%clk 00:03:23]} {[%emt 00:00:16]}
46. Ke4 {[%clk 00:04:29]} {[%emt 00:00:02]} Ra2 {[%clk 00:03:00]} {[%emt
00:00:27]} 47. Rd4 {[%clk 00:03:52]} {[%emt 00:00:44]} a5 {[%clk 00:02:56]}
{[%emt 00:00:09]} 48. Nf5 {[%clk 00:03:41]} {[%emt 00:00:15]} Re2+ {[%clk
00:02:27]} {[%emt 00:00:35]} 49. Ne3 {[%clk 00:03:44]} {[%emt 00:00:02]} Ra2
{[%clk 00:01:41]} {[%emt 00:00:51]} 50. Nf5 {[%clk 00:03:47]} {[%emt 00:00:02]}
Nf8 {[%clk 00:01:34]} {[%emt 00:00:12]} 51. Nh6+ {[%clk 00:03:24]} {[%emt
00:00:28]} Kg7 {[%clk 00:01:36]} {[%emt 00:00:04]} 52. Nf5+ {[%clk 00:03:27]}
{[%emt 00:00:02]} Kh7 {[%clk 00:01:25]} {[%emt 00:00:15]} 53. Rd8 {[%clk
00:02:59]} {[%emt 00:00:33]} Ra4+ {[%clk 00:01:23]} {[%emt 00:00:08]} 54. Ke3
{[%clk 00:02:55]} {[%emt 00:00:09]} Ra3+ {[%clk 00:01:21]} {[%emt 00:00:07]}
55. Ke4 {[%clk 00:02:56]} {[%emt 00:00:03]} Ne6 {[%clk 00:01:15]} {[%emt
00:00:11]} 56. Rd7+ {[%clk 00:02:59]} {[%emt 00:00:03]} Kg8 {[%clk 00:01:11]}
{[%emt 00:00:07]} 57. Re7 {[%clk 00:02:38]} {[%emt 00:00:26]} Ng5+ {[%clk
00:01:06]} {[%emt 00:00:10]} 58. Kd5 {[%clk 00:02:23]} {[%emt 00:00:21]} Rd3+
{[%clk 00:01:08]} {[%emt 00:00:03]} 59. Kc4 {[%clk 00:02:23]} {[%emt 00:00:05]}
Rf3 {[%clk 00:00:47]} {[%emt 00:00:26]} 60. Rg7+ {[%clk 00:02:24]} {[%emt
00:00:04]} Kf8 {[%clk 00:00:47]} {[%emt 00:00:05]} 61. Rxg5 {[%clk 00:02:26]}
{[%emt 00:00:02]} Kf7 {[%clk 00:00:50]} {[%emt 00:00:03]} 62. Nd6+ {[%clk
00:02:21]} {[%emt 00:00:10]} Ke7 {[%clk 00:00:49]} {[%emt 00:00:05]} 63. Ne4
{[%clk 00:02:17]} {[%emt 00:00:10]} a4 {[%clk 00:00:38]} {[%emt 00:00:16]} 64.
Rxh5 {[%clk 00:02:19]} {[%emt 00:00:03]} a3 {[%clk 00:00:40]} {[%emt 00:00:03]}
65. Ra5 {[%clk 00:02:22]} {[%emt 00:00:03]} Ke6 {[%clk 00:00:25]} {[%emt
00:00:19]} 66. Ng5+ {[%clk 00:02:25]} {[%emt 00:00:02]} Kf6 {[%emt 00:00:01]}
67. Nxf3 gxf3 {[%clk 00:00:27]} {[%emt 00:00:01]} 68. Rxa3 {[%clk 00:02:28]}
{[%emt 00:00:02]} f2 {[%clk 00:00:31]} 69. Rf3+ {[%emt 00:00:01]} Ke6 70. Rxf2
{[%emt 00:00:01]} Ke5 71. g4 {[%clk 00:02:38]} {[%emt 00:00:01]} Ke6 {[%clk
00:00:44]} 72. g5 {[%emt 00:00:02]} Ke5 {[%emt 00:00:01]} 73. g6 {[%clk
00:02:46]} Ke4 {[%clk 00:00:54]} 74. g7 {[%clk 00:02:49]} {[%emt 00:00:02]} Ke3
{[%clk 00:00:59]} 75. Rf8 {[%clk 00:02:52]} {[%emt 00:00:03]} Ke4 {[%clk
00:01:03]} {[%emt 00:00:01]} 76. g8=Q {[%clk 00:02:53]} {[%emt 00:00:03]} Ke5
{[%clk 00:01:07]} 77. Re8+ {[%clk 00:02:54]} {[%emt 00:00:04]} Kd6 {[%clk
00:01:12]} 78. Qe6+ {[%clk 00:02:56]} {[%emt 00:00:03]} Kc7 {[%clk 00:01:16]}
{[%emt 00:00:02]} 79. Rc8+ {[%clk 00:02:59]} Kb7 {[%emt 00:00:06]} 80. Qc6+
{[%clk 00:02:58]} {[%emt 00:00:01]} Ka7 {[%clk 00:01:25]} {[%emt 00:00:01]} 81.
Ra8# {[%emt 00:00:11]} 1-0

[Event "DVM U10 2020"]
[Site "Magdeburg GER"]
[Date "2021.08.07"]
[Round "3"]
[White "Wartenberg, Alexander"]
[Black "Helfer, Lucas"]
[Result "1-0"]
[Termination "normal"]
[Board "1.4"]
[WhiteElo "1424"]
[BlackElo "761"]
[WhiteClock "00:50:51"]
[BlackClock "00:45:43"]
[WhiteTeam "Hamburger SK von 1830 eV"]
[BlackTeam "Schachfreunde München e.V."]
[PlyCount "30"]
[WhiteFideId "16280768"]
[EventCountry "GER"]
[EventRounds "7"]
[EventType "team-swiss"]
[EventDate "2021.08.06"]

1. e4 {[%clk 00:55:06]} {[%emt 00:00:04]} e5 {[%clk 00:55:05]} {[%emt
00:00:05]} 2. Nf3 {[%clk 00:55:03]} {[%emt 00:00:08]} Nc6 {[%clk 00:55:01]}
{[%emt 00:00:10]} 3. d4 {[%clk 00:55:02]} {[%emt 00:00:05]} exd4 {[%clk
00:54:52]} {[%emt 00:00:13]} 4. Nxd4 {[%clk 00:54:58]} {[%emt 00:00:10]} Nxd4
{[%clk 00:54:44]} {[%emt 00:00:12]} 5. Qxd4 {[%clk 00:54:54]} {[%emt 00:00:11]}
Nf6 {[%clk 00:54:20]} {[%emt 00:00:29]} 6. e5 {[%clk 00:54:44]} {[%emt
00:00:13]} Qe7 {[%clk 00:53:47]} {[%emt 00:00:39]} 7. Be2 {[%clk 00:54:37]}
{[%emt 00:00:11]} Ng8 {[%clk 00:53:18]} {[%emt 00:00:35]} 8. Nc3 {[%clk
00:54:01]} {[%emt 00:00:40]} Qd8 {[%clk 00:52:02]} {[%emt 00:01:22]} 9. O-O
{[%clk 00:53:49]} {[%emt 00:00:17]} Ne7 {[%clk 00:51:45]} {[%emt 00:00:44]} 10.
Bf4 {[%clk 00:52:35]} {[%emt 00:01:20]} Nf5 {[%clk 00:51:13]} {[%emt 00:00:37]}
11. Qe4 {[%clk 00:51:47]} {[%emt 00:00:52]} d6 {[%emt 00:00:26]} 12. exd6+
{[%clk 00:51:08]} {[%emt 00:00:37]} Be6 {[%clk 00:50:29]} {[%emt 00:02:23]} 13.
dxc7 {[%clk 00:50:58]} {[%emt 00:00:14]} Qc8 {[%clk 00:46:43]} {[%emt
00:03:51]} 14. Bb5+ {[%clk 00:50:51]} {[%emt 00:00:12]} Ke7 {[%clk 00:45:43]}
{[%emt 00:01:05]} 15. Nb1 {[%emt 00:00:36]} Qe8 1-0

[Event "DVM U10 2020"]
[Site "Magdeburg GER"]
[Date "2021.08.07"]
[Round "3"]
[White "Pimenov, Danil"]
[Black "Shen, Tingrui"]
[Result "1/2-1/2"]
[Termination "normal"]
[Board "2.1"]
[WhiteElo "1227"]
[BlackElo "1561"]
[WhiteClock "00:14:46"]
[BlackClock "00:16:58"]
[WhiteTeam "SC Borussia Lichtenberg"]
[BlackTeam "TV Tegernsee"]
[PlyCount "55"]
[WhiteFideId "34600248"]
[BlackFideId "34603441"]
[EventCountry "GER"]
[EventRounds "7"]
[EventType "team-swiss"]
[EventDate "2021.08.06"]

1. d4 {[%clk 00:55:04]} {[%emt 00:00:06]} Nf6 {[%clk 00:54:55]} {[%emt
00:00:14]} 2. c4 {[%clk 00:54:54]} {[%emt 00:00:15]} g6 {[%clk 00:54:35]}
{[%emt 00:00:25]} 3. Nc3 {[%clk 00:54:41]} {[%emt 00:00:18]} Bg7 {[%clk
00:54:20]} {[%emt 00:00:19]} 4. e4 {[%clk 00:54:23]} {[%emt 00:00:24]} d6
{[%clk 00:54:07]} {[%emt 00:00:17]} 5. f3 {[%clk 00:54:10]} {[%emt 00:00:19]}
O-O {[%clk 00:53:34]} {[%emt 00:00:38]} 6. Be3 {[%clk 00:53:30]} {[%emt
00:00:45]} e5 {[%clk 00:52:13]} {[%emt 00:01:27]} 7. d5 {[%clk 00:53:23]}
{[%emt 00:00:12]} Nbd7 {[%clk 00:51:42]} {[%emt 00:00:34]} 8. Bd3 {[%clk
00:52:43]} {[%emt 00:00:46]} a5 {[%clk 00:51:01]} {[%emt 00:00:46]} 9. Nge2
{[%clk 00:52:22]} {[%emt 00:00:26]} b6 {[%clk 00:49:02]} {[%emt 00:02:03]} 10.
Qd2 {[%clk 00:50:39]} {[%emt 00:01:49]} Nc5 {[%clk 00:48:45]} {[%emt 00:00:22]}
11. h4 {[%clk 00:47:44]} {[%emt 00:03:00]} Ne8 {[%clk 00:43:58]} {[%emt
00:04:52]} 12. Bc2 {[%clk 00:46:56]} {[%emt 00:00:52]} f5 {[%clk 00:43:27]}
{[%emt 00:00:36]} 13. O-O-O {[%clk 00:45:05]} {[%emt 00:01:56]} f4 {[%clk
00:42:45]} {[%emt 00:00:48]} 14. Bf2 {[%clk 00:44:57]} {[%emt 00:00:13]} h6
{[%emt 00:03:09]} 15. Kb1 {[%clk 00:36:50]} {[%emt 00:05:53]} Ba6 {[%clk
00:40:19]} {[%emt 00:01:45]} 16. b3 {[%clk 00:35:49]} {[%emt 00:01:06]} Kh7
{[%clk 00:37:24]} {[%emt 00:03:00]} 17. Nc1 {[%clk 00:35:29]} {[%emt 00:00:24]}
Qe7 {[%clk 00:34:49]} {[%emt 00:02:41]} 18. Qe2 {[%clk 00:32:53]} {[%emt
00:02:41]} Bf6 {[%clk 00:30:57]} {[%emt 00:03:58]} 19. g3 {[%clk 00:31:58]}
{[%emt 00:01:01]} Ng7 {[%clk 00:28:07]} {[%emt 00:02:53]} 20. g4 {[%clk
00:31:24]} {[%emt 00:00:40]} Kg8 {[%clk 00:27:22]} {[%emt 00:00:50]} 21. Rdg1
{[%clk 00:30:13]} {[%emt 00:01:16]} Kf7 {[%clk 00:26:03]} {[%emt 00:01:23]} 22.
Qf1 {[%clk 00:28:55]} {[%emt 00:01:24]} Rh8 {[%clk 00:24:09]} {[%emt 00:01:58]}
23. Rg2 {[%clk 00:23:42]} {[%emt 00:05:19]} Rag8 {[%clk 00:22:40]} {[%emt
00:01:33]} 24. Qg1 {[%clk 00:21:37]} {[%emt 00:02:12]} Ne8 {[%clk 00:20:14]}
{[%emt 00:02:30]} 25. Qe1 {[%clk 00:20:41]} {[%emt 00:01:01]} g5 {[%clk
00:18:58]} {[%emt 00:01:21]} 26. Rgh2 {[%clk 00:19:35]} {[%emt 00:01:11]} Qf8
{[%clk 00:18:25]} {[%emt 00:00:38]} 27. Kb2 {[%clk 00:16:52]} {[%emt 00:02:48]}
Bb7 {[%clk 00:16:58]} {[%emt 00:01:32]} 28. Nb5 {[%clk 00:14:46]} {[%emt
00:02:10]} 1/2-1/2

[Event "DVM U10 2020"]
[Site "Magdeburg GER"]
[Date "2021.08.07"]
[Round "3"]
[White "Limmer, Marco"]
[Black "Rabus, Johann"]
[Result "1-0"]
[Termination "normal"]
[Board "2.2"]
[WhiteElo "1352"]
[BlackElo "1243"]
[WhiteClock "00:30:18"]
[BlackClock "00:39:33"]
[WhiteTeam "TV Tegernsee"]
[BlackTeam "SC Borussia Lichtenberg"]
[PlyCount "79"]
[WhiteFideId "34603506"]
[BlackFideId "34602950"]
[EventCountry "GER"]
[EventRounds "7"]
[EventType "team-swiss"]
[EventDate "2021.08.06"]

1. e4 {[%clk 00:55:08]} {[%emt 00:00:01]} e5 {[%clk 00:54:58]} {[%emt
00:00:12]} 2. Nf3 {[%clk 00:55:08]} {[%emt 00:00:05]} Nf6 {[%clk 00:54:40]}
{[%emt 00:00:23]} 3. Nxe5 {[%clk 00:54:58]} {[%emt 00:00:14]} d6 {[%clk
00:54:27]} {[%emt 00:00:19]} 4. Nf3 {[%clk 00:54:56]} {[%emt 00:00:08]} Nxe4
{[%clk 00:53:59]} {[%emt 00:00:32]} 5. Nc3 {[%clk 00:54:50]} {[%emt 00:00:10]}
Nf6 {[%clk 00:53:49]} {[%emt 00:00:16]} 6. d4 {[%clk 00:54:36]} {[%emt
00:00:19]} d5 {[%clk 00:53:30]} {[%emt 00:00:23]} 7. Be2 {[%clk 00:52:32]}
{[%emt 00:02:10]} Bb4 {[%clk 00:52:45]} {[%emt 00:00:51]} 8. O-O {[%clk
00:51:22]} {[%emt 00:01:14]} O-O {[%clk 00:52:14]} {[%emt 00:00:36]} 9. Bg5
{[%clk 00:50:15]} {[%emt 00:01:12]} Re8 {[%clk 00:51:08]} {[%emt 00:01:09]} 10.
Bxf6 {[%clk 00:48:59]} {[%emt 00:01:23]} Qxf6 {[%clk 00:50:57]} {[%emt
00:00:16]} 11. Nxd5 {[%clk 00:48:13]} {[%emt 00:00:51]} Qd6 {[%clk 00:50:20]}
{[%emt 00:00:40]} 12. Nxb4 {[%clk 00:47:27]} {[%emt 00:00:52]} Qxb4 {[%clk
00:50:19]} {[%emt 00:00:07]} 13. Rb1 {[%clk 00:45:09]} {[%emt 00:02:23]} b6
{[%clk 00:49:38]} {[%emt 00:00:46]} 14. c3 {[%clk 00:44:40]} {[%emt 00:00:35]}
Qd6 {[%clk 00:49:08]} {[%emt 00:00:34]} 15. Bd3 {[%clk 00:42:38]} {[%emt
00:02:07]} Bb7 {[%clk 00:48:45]} {[%emt 00:00:26]} 16. Re1 {[%clk 00:41:37]}
{[%emt 00:01:08]} Na6 {[%clk 00:47:55]} {[%emt 00:00:55]} 17. Qa4 {[%clk
00:35:58]} {[%emt 00:05:45]} Bc6 {[%clk 00:45:49]} {[%emt 00:02:07]} 18. Qxa6
{[%clk 00:34:54]} {[%emt 00:01:12]} Bxf3 {[%clk 00:45:30]} {[%emt 00:00:24]}
19. gxf3 {[%clk 00:34:18]} {[%emt 00:00:41]} c5 {[%clk 00:44:51]} {[%emt
00:00:45]} 20. dxc5 {[%clk 00:33:21]} {[%emt 00:01:02]} Qxd3 {[%clk 00:44:18]}
{[%emt 00:00:37]} 21. Qxd3 {[%clk 00:33:21]} {[%emt 00:00:05]} Rad8 {[%clk
00:43:41]} {[%emt 00:00:43]} 22. Qd7 {[%clk 00:32:39]} {[%emt 00:00:46]} Rf8
{[%clk 00:43:17]} {[%emt 00:00:29]} 23. Qxa7 {[%clk 00:32:24]} {[%emt
00:00:19]} Ra8 {[%clk 00:43:12]} {[%emt 00:00:11]} 24. Qxb6 {[%clk 00:32:01]}
{[%emt 00:00:29]} Rfb8 {[%clk 00:42:54]} {[%emt 00:00:23]} 25. Qd6 {[%clk
00:31:33]} {[%emt 00:00:32]} Rd8 {[%clk 00:41:44]} {[%emt 00:01:15]} 26. Qe7
{[%clk 00:31:20]} {[%emt 00:00:18]} Rf8 {[%clk 00:41:20]} {[%emt 00:00:30]} 27.
c6 {[%clk 00:31:07]} {[%emt 00:00:17]} Rac8 {[%clk 00:41:18]} {[%emt 00:00:07]}
28. c7 {[%clk 00:31:04]} {[%emt 00:00:08]} Kh8 {[%clk 00:41:15]} {[%emt
00:00:06]} 29. Rbd1 {[%clk 00:30:51]} {[%emt 00:00:20]} h6 {[%clk 00:40:36]}
{[%emt 00:00:44]} 30. Rd8 {[%clk 00:30:50]} {[%emt 00:00:07]} Rcxd8 {[%clk
00:40:22]} {[%emt 00:00:24]} 31. cxd8=Q {[%clk 00:30:46]} {[%emt 00:00:13]}
Rxd8 {[%clk 00:40:14]} {[%emt 00:00:13]} 32. Qxd8+ {[%clk 00:30:46]} {[%emt
00:00:05]} Kh7 {[%clk 00:40:07]} {[%emt 00:00:12]} 33. Qd3+ {[%clk 00:30:40]}
{[%emt 00:00:12]} g6 {[%emt 00:00:12]} 34. Qd7 {[%clk 00:30:33]} {[%emt
00:00:10]} Kg7 {[%clk 00:39:57]} {[%emt 00:00:08]} 35. Re7 {[%clk 00:30:31]}
{[%emt 00:00:08]} Kf6 {[%clk 00:39:53]} {[%emt 00:00:07]} 36. Rxf7+ {[%clk
00:30:24]} {[%emt 00:00:14]} Ke5 {[%clk 00:39:49]} {[%emt 00:00:09]} 37. Qd4+
{[%clk 00:30:21]} {[%emt 00:00:08]} Ke6 {[%clk 00:39:44]} {[%emt 00:00:11]} 38.
Rf6+ {[%clk 00:30:21]} {[%emt 00:00:05]} Ke7 {[%clk 00:39:40]} {[%emt
00:00:08]} 39. Qd6+ {[%clk 00:30:21]} {[%emt 00:00:05]} Ke8 {[%clk 00:39:33]}
{[%emt 00:00:12]} 40. Rf8# {[%clk 00:30:18]} {[%emt 00:00:02]} 1-0

[Event "DVM U10 2020"]
[Site "Magdeburg GER"]
[Date "2021.08.07"]
[Round "3"]
[White "Ha, Minh Quan"]
[Black "Greive, Jakob"]
[Result "0-1"]
[Termination "normal"]
[Board "2.3"]
[WhiteElo "1123"]
[BlackElo "1304"]
[WhiteClock "00:20:39"]
[BlackClock "00:08:35"]
[WhiteTeam "SC Borussia Lichtenberg"]
[BlackTeam "TV Tegernsee"]
[PlyCount "78"]
[WhiteFideId "34600876"]
[BlackFideId "34603476"]
[EventCountry "GER"]
[EventRounds "7"]
[EventType "team-swiss"]
[EventDate "2021.08.06"]

1. e4 {[%clk 00:55:08]} e5 {[%clk 00:55:05]} {[%emt 00:00:05]} 2. Nf3 {[%clk
00:55:08]} {[%emt 00:00:06]} Nc6 {[%clk 00:55:03]} {[%emt 00:00:06]} 3. Bc4
{[%clk 00:54:58]} {[%emt 00:00:15]} Bc5 {[%clk 00:54:55]} {[%emt 00:00:14]} 4.
O-O {[%clk 00:54:42]} {[%emt 00:00:22]} Nf6 {[%clk 00:54:44]} {[%emt 00:00:15]}
5. Nc3 {[%clk 00:54:37]} {[%emt 00:00:10]} d6 {[%clk 00:54:42]} {[%emt
00:00:07]} 6. h3 {[%clk 00:54:24]} {[%emt 00:00:18]} O-O {[%clk 00:54:18]}
{[%emt 00:00:28]} 7. d3 {[%clk 00:54:06]} {[%emt 00:00:25]} Be6 {[%clk
00:53:40]} {[%emt 00:00:42]} 8. Bg5 {[%clk 00:53:44]} {[%emt 00:00:27]} Bxc4
{[%clk 00:53:13]} {[%emt 00:00:30]} 9. dxc4 {[%clk 00:53:41]} {[%emt 00:00:09]}
h6 {[%clk 00:52:16]} {[%emt 00:01:03]} 10. Bh4 {[%clk 00:53:37]} {[%emt
00:00:09]} Nb8 {[%emt 00:03:48]} 11. Nd5 {[%emt 00:00:30]} Nbd7 {[%clk
00:47:22]} {[%emt 00:00:23]} 12. a4 {[%clk 00:52:39]} {[%emt 00:01:21]} a5
{[%clk 00:46:42]} {[%emt 00:00:44]} 13. c3 {[%clk 00:51:28]} {[%emt 00:01:17]}
c6 {[%clk 00:45:54]} {[%emt 00:00:52]} 14. Ne3 {[%clk 00:51:04]} {[%emt
00:00:30]} Qb6 {[%clk 00:45:02]} {[%emt 00:00:56]} 15. Rb1 {[%clk 00:50:31]}
{[%emt 00:00:38]} Nxe4 {[%clk 00:40:30]} {[%emt 00:04:27]} 16. Nf5 {[%clk
00:49:32]} {[%emt 00:01:14]} Kh7 {[%clk 00:36:10]} {[%emt 00:04:25]} 17. Be7
{[%clk 00:47:47]} {[%emt 00:01:50]} Nxf2 {[%clk 00:34:21]} {[%emt 00:01:54]}
18. Rxf2 {[%clk 00:47:09]} {[%emt 00:00:44]} Bxf2+ {[%emt 00:00:21]} 19. Kh1
{[%emt 00:00:08]} Rfe8 {[%clk 00:32:06]} {[%emt 00:01:50]} 20. Qc2 {[%clk
00:46:23]} {[%emt 00:00:50]} g6 {[%clk 00:30:11]} {[%emt 00:02:01]} 21. N3h4
{[%clk 00:40:56]} {[%emt 00:05:33]} Rxe7 {[%clk 00:27:04]} {[%emt 00:03:02]}
22. Nxg6 {[%clk 00:38:38]} {[%emt 00:02:32]} Re6 {[%clk 00:23:33]} {[%emt
00:03:35]} 23. Nge7 {[%clk 00:36:54]} {[%emt 00:01:51]} e4 {[%clk 00:21:23]}
{[%emt 00:02:14]} 24. Rf1 {[%clk 00:36:06]} {[%emt 00:00:54]} Bh4 {[%clk
00:19:20]} {[%emt 00:02:04]} 25. Rf4 {[%clk 00:34:46]} {[%emt 00:01:29]} Bxe7
{[%clk 00:18:35]} {[%emt 00:00:49]} 26. Rxe4 {[%clk 00:34:19]} {[%emt
00:00:33]} Kg8 {[%clk 00:17:02]} {[%emt 00:01:34]} 27. Rg4+ {[%clk 00:32:33]}
{[%emt 00:01:54]} Kf8 {[%clk 00:16:29]} {[%emt 00:00:36]} 28. Qd2 {[%clk
00:32:18]} {[%emt 00:00:22]} Bg5 {[%clk 00:15:41]} {[%emt 00:00:54]} 29. Qd3
{[%clk 00:29:34]} {[%emt 00:02:49]} Ne5 {[%clk 00:14:51]} {[%emt 00:00:54]} 30.
Qf1 {[%clk 00:26:31]} {[%emt 00:03:08]} Nxg4 {[%clk 00:13:56]} {[%emt
00:01:01]} 31. hxg4 {[%emt 00:00:38]} Bd2 {[%clk 00:12:45]} {[%emt 00:01:12]}
32. Kh2 {[%clk 00:24:31]} {[%emt 00:01:36]} Re1 {[%clk 00:11:41]} {[%emt
00:01:08]} 33. Qf3 {[%clk 00:23:21]} {[%emt 00:01:16]} Qg1+ {[%clk 00:11:04]}
{[%emt 00:00:41]} 34. Kg3 {[%clk 00:23:09]} {[%emt 00:00:18]} Rf1 {[%clk
00:10:41]} {[%emt 00:00:27]} 35. Qd3 {[%clk 00:22:23]} {[%emt 00:00:52]} Qf2+
{[%clk 00:10:01]} {[%emt 00:00:45]} 36. Kh2 {[%clk 00:21:26]} {[%emt 00:01:02]}
Bf4+ {[%clk 00:09:43]} {[%emt 00:00:22]} 37. Ng3 {[%clk 00:21:20]} {[%emt
00:00:12]} Qg1+ {[%clk 00:09:00]} {[%emt 00:00:47]} 38. Kh3 {[%clk 00:21:08]}
{[%emt 00:00:17]} Qh1+ {[%clk 00:08:47]} {[%emt 00:00:19]} 39. Nxh1 {[%clk
00:20:39]} {[%emt 00:00:33]} Rxh1# {[%clk 00:08:35]} {[%emt 00:00:10]} 0-1